00683nam a2200241 a 4500001001300000003000900013005001700022008004100039020001100080082001700091100003300108245002000141260003500161300000800196500003500204505001000239650001600249700003300265902000800298942000700306952011300313999001500426nice12345678IN_TiNIC20260116011932.0050524s1958 dela grp 000 0 urd  ac0.3700a891.41bMUN4 aMunawwar, Basheshwar Prashad aGajendre Mukhsh aDelhibAdarsh Kitab Gharc1958 a32p aincludes index and biblioraphy2 aNotes aUrdu-Poetry1 aMunawwar, Basheshwar Prashad bSRS cBK 001040708StackRoom-aHMIbHMId2007-06-20g0.37l0o891.41 MUN4p09637r2007-06-20v0.37w2005-05-24yBK c4963d4963